000
00233nam a2200097Ia 4500
008
230915s9999 xx 000 0 und d
050
_a
TR 145 .B69 1999
100
_a
BOWSKILL,DEREK
245
0
_a
PHOTOGRAPHY MADE SIMPLE
942
_c
BK
999
_c
205557
_d
205557